Business Communication / (Record no. 1067)

MARC details
000 -LEADER
Fixed length control field 00497nam a2200181 4500
003 - CONTROL NUMBER IDENTIFIER
Control field SEACOMMC
005 - DATE AND TIME OF LATEST TRANSACTION
Control field 20250502122946.0
008 - FIXED-LENGTH DATA ELEMENTS--GENERAL INFORMATION
Fixed length control field 250208b |||||||| |||| 00| 0 eng d
020 ## - INTERNATIONAL STANDARD BOOK NUMBER / ISBN
International Standard Book Number 978-81-8281-095-2
Price Rs.150.00
040 ## - CATALOGING SOURCE
Original cataloging agency SEACOMMC
082 ## - DEWEY DECIMAL CLASSIFICATION NUMBER
Classification number 658.45
Book Number B 136
100 ## - MAIN ENTRY--PERSONAL NAME
Personal name Badi, R.V.
245 1# - TITLE STATEMENT
Title Business Communication /
Statement of responsibility R.V Badi [and] Aruna Kothandaram
250 ## - EDITION STATEMENT
Edition statement 2nd ed.
260 ## - IMPRINT
Place of publication Delhi
Name of publisher Vrinda Publications
Date of publication 2008
650 ## - SUBJECT ADDED ENTRY--TOPICAL TERM
Topical term Business Communication
942 ## - ADDED ENTRY ELEMENTS (KOHA)
Koha item type Books
Holdings
Withdrawn status Lost status Source of classification Damaged status Not for loan Home library Current library Shelving location Date acquired Total Checkouts Call number Accession number Date last seen Price effective from Koha item type Copy number
    Dewey Decimal Classification     SEACOM MANAGEMENT COLLEGE SEACOM MANAGEMENT COLLEGE Reference 22/07/2008   658.45 B 136 M-1982 08/02/2025 08/02/2025 Books  
    Dewey Decimal Classification     SEACOM MANAGEMENT COLLEGE SEACOM MANAGEMENT COLLEGE   22/07/2008   658.45 B 136 M-1983 08/02/2025 08/02/2025 Books 1
    Dewey Decimal Classification     SEACOM MANAGEMENT COLLEGE SEACOM MANAGEMENT COLLEGE   22/07/2008   658.45 B 136 M-1984 08/02/2025 08/02/2025 Books 2
    Dewey Decimal Classification     SEACOM MANAGEMENT COLLEGE SEACOM MANAGEMENT COLLEGE   22/07/2008   658.45 B 136 M-1985 08/02/2025 08/02/2025 Books 3
    Dewey Decimal Classification     SEACOM MANAGEMENT COLLEGE SEACOM MANAGEMENT COLLEGE   22/07/2008   658.45 B 136 M-1986 08/02/2025 08/02/2025 Books 4
    Dewey Decimal Classification     SEACOM MANAGEMENT COLLEGE SEACOM MANAGEMENT COLLEGE   22/07/2008   658.45 B 136 M-1987 08/02/2025 08/02/2025 Books 5
    Dewey Decimal Classification     SEACOM MANAGEMENT COLLEGE SEACOM MANAGEMENT COLLEGE   22/07/2008   658.45 B 136 M-1988 08/02/2025 08/02/2025 Books 6
    Dewey Decimal Classification     SEACOM MANAGEMENT COLLEGE SEACOM MANAGEMENT COLLEGE   22/07/2008   658.45 B 136 M-1989 08/02/2025 08/02/2025 Books 7
    Dewey Decimal Classification     SEACOM MANAGEMENT COLLEGE SEACOM MANAGEMENT COLLEGE   22/07/2008   658.45 B 136 M-1990 08/02/2025 08/02/2025 Books 8
    Dewey Decimal Classification     SEACOM MANAGEMENT COLLEGE SEACOM MANAGEMENT COLLEGE   22/07/2008   658.45 B 136 M-1991 08/02/2025 08/02/2025 Books 9
    Dewey Decimal Classification     SEACOM MANAGEMENT COLLEGE SEACOM MANAGEMENT COLLEGE   22/07/2008   658.45 B 136 M-1992 08/02/2025 08/02/2025 Books 10
    Dewey Decimal Classification     SEACOM MANAGEMENT COLLEGE SEACOM MANAGEMENT COLLEGE   22/07/2008   658.45 B 136 M-1993 08/02/2025 08/02/2025 Books 11
    Dewey Decimal Classification     SEACOM MANAGEMENT COLLEGE SEACOM MANAGEMENT COLLEGE   22/07/2008   658.45 B 136 M-1994 08/02/2025 08/02/2025 Books 12
    Dewey Decimal Classification     SEACOM MANAGEMENT COLLEGE SEACOM MANAGEMENT COLLEGE   19/09/2008   658.45 B 136 M-2170 21/02/2025 21/02/2025 Books 13
© Seacom Engineering College, All rights reserved.    Powered by Koha